| 000 | 00722cab a2200253 4500 | ||
|---|---|---|---|
| 001 | WB3329-16 | ||
| 008 | 090401t1997 xxu||||| |||| 00| 0 eng d | ||
| 035 | _a(Sirsi) u79894 | ||
| 041 | _aeng | ||
| 245 | _aDepartment of Trade and Industry | ||
| 260 | _c1997 | ||
| 350 | _a0 | ||
| 490 |
_aTimes _v25 July 1997, 27(2) |
||
| 520 | _aOverview of the DTI and the changes it is attempting to implement following election of a Labour government. | ||
| 650 | _aBUSINESS INTERESTS | ||
| 650 | _aCOMPETITIVENESS | ||
| 650 | _aDEPARTMENT OF TRADE AND INDUSTRY | ||
| 650 | _aDTI | ||
| 650 | _aGOVERNMENT POLICY | ||
| 650 | _aLABOUR GOVERNMENT | ||
| 690 | _aECONOMIC AND SOCIAL | ||
| 942 | _n0 | ||
| 948 | _c25/07/1997 | ||
| 999 |
_c50277 _d50277 |
||